[Event "XLV C.to Italiano a squadre Master"]
[Site "Bratto - Castione della Presolana ITA"]
[Date "2013.04.28"]
[Round "2"]
[White "Vocaturo, Daniele"]
[Black "Bruno, Fabio"]
[WhiteElo "2511"]
[BlackElo "2428"]
[Result "1-0"]
[PlyCount "57"]
[EventDate "2013.04.27"]

1. e4 e6 2. d4 d5 3. Nc3 Bb4 4. e5 b6 5. a3 Bxc3+ 6. bxc3 Qd7 7. Qg4 f5 8. Qg3
Ba6 9. Bxa6 Nxa6 10. Ne2 Kf7 11. a4 Ne7 12. a5 Nb8 13. axb6 cxb6 14. h4 Nbc6
15. h5 h6 16. Nf4 Rhc8 17. Ng6 Nd8 18. Rh3 Ndc6 19. Qh4 Qd8 20. Bxh6 gxh6 21.
Qf6+ Ke8 22. Qxe6 f4 23. Nxf4 Qd7 24. Qxh6 Qf5 25. Rf3 Qe4+ 26. Kf1 Nd8 27. e6
Nf5 28. Qh8+ Ke7 29. Qh7+ 1-0

[Event "XLV C.to Italiano a squadre Master"]
[Site "Bratto - Castione della Presolana ITA"]
[Date "2013.04.28"]
[Round "3"]
[White "Amato, Andrea"]
[Black "Dvirnyy, Danyyil"]
[WhiteElo "2264"]
[BlackElo "2538"]
[Result "0-1"]
[PlyCount "92"]
[EventDate "2013.04.27"]

1. c4 g6 2. g3 Nf6 3. Bg2 d5 4. cxd5 Nxd5 5. Nc3 Nb6 6. Nf3 Bg7 7. O-O Nc6 8.
d3 O-O 9. Bd2 h6 10. Rc1 e5 11. a3 Re8 12. b4 Nd4 13. a4 Be6 14. a5 Bb3 15. Qe1
Nd7 16. e3 Nf5 17. e4 Nd6 18. Be3 a6 19. Nd2 Be6 20. f4 c6 21. Qf2 Nf6 22. h3
exf4 23. gxf4 Nb5 24. Na4 Qxd3 25. Nc5 Qa3 26. Nxb7 Bxh3 27. Nc4 Qxb4 28. Bxh3
Nxe4 29. Qe1 Qe7 30. Nb6 Qxb7 31. Bd7 Nec3 32. Kh2 Re7 33. f5 Rxd7 34. f6 Re8
35. Rxc3 Nxc3 36. Qxc3 Bf8 37. Bf4 Rd5 38. Rg1 Rh5+ 39. Kg3 c5 40. Rd1 Qe4 41.
Qc4 Qxc4 42. Nxc4 Rf5 43. Ne3 Rxf6 44. Ng4 Rfe6 45. Nxh6+ Bxh6 46. Bxh6 f6 0-1

[Event "XLV C.to Italiano a squadre Master"]
[Site "Bratto - Castione della Presolana ITA"]
[Date "2013.04.28"]
[Round "3"]
[White "Brunello, Sabino"]
[Black "Stella, Andrea"]
[WhiteElo "2582"]
[BlackElo "2477"]
[Result "1/2-1/2"]
[PlyCount "127"]
[EventDate "2013.04.27"]

1. d4 Nf6 2. c4 g6 3. Nc3 d5 4. Nf3 Bg7 5. Qb3 dxc4 6. Qxc4 O-O 7. e4 Na6 8.
Be2 c5 9. d5 e6 10. O-O exd5 11. exd5 Re8 12. Be3 b6 13. Rad1 Nb4 14. Qb3 Bf5
15. Ne1 Bg4 16. Bf3 Bxf3 17. Nxf3 Rc8 18. Qc4 a6 19. a3 b5 20. Qh4 Nc2 21. Bg5
b4 22. d6 h6 23. d7 hxg5 24. dxe8=Q+ Qxe8 25. Nxg5 bxc3 26. Qc4 Ne3 27. fxe3
Qxe3+ 28. Kh1 Qxg5 29. bxc3 a5 30. Rd3 Re8 31. h3 Qe5 32. Rdf3 Re6 33. Kg1 Bf8
34. Qf4 Qxf4 35. Rxf4 Be7 36. Ra4 Bd8 37. Raf4 Kg7 38. R4f3 Bc7 39. Rb1 Ne4 40.
Rb5 Nd2 41. Rd3 Ne4 42. g4 a4 43. Kg2 Be5 44. c4 Bd4 45. Ra5 Nd6 46. Rxa4 Re2+
47. Kf1 Rc2 48. Ke1 Rxc4 49. Rxc4 Nxc4 50. a4 g5 51. Ke2 Kf6 52. Rf3+ Ke6 53.
Rf5 f6 54. h4 gxh4 55. Rh5 Kd6 56. g5 fxg5 57. Rxg5 Nb2 58. a5 Kc6 59. Rg6+ Kb7
60. Rh6 Nc4 61. a6+ Ka7 62. Rxh4 Kxa6 63. Rxd4 cxd4 64. Kd3 1/2-1/2

[Event "XLV C.to Italiano a squadre Master"]
[Site "Bratto - Castione della Presolana ITA"]
[Date "2013.04.28"]
[Round "3"]
[White "Garcia Palermo, Carlos Horacio"]
[Black "Arlandi, Ennio"]
[WhiteElo "2460"]
[BlackElo "2440"]
[Result "1-0"]
[PlyCount "91"]
[EventDate "2013.04.27"]

1. Nf3 Nf6 2. c4 g6 3. b3 Bg7 4. Bb2 O-O 5. g3 b6 6. Bg2 Bb7 7. O-O e6 8. d4 d5
9. cxd5 exd5 10. Nc3 Re8 11. e3 Nbd7 12. Rc1 Ne4 13. Qc2 Nxc3 14. Bxc3 a5 15.
a4 Rc8 16. Rfd1 Qe7 17. Qb2 c6 18. b4 axb4 19. Bxb4 Qd8 20. Bh3 f5 21. Bg2 c5
22. Bc3 c4 23. a5 Bc6 24. Ra1 bxa5 25. Rxa5 Rb8 26. Qd2 Nf6 27. Ne5 Bb7 28. Rb1
Ba8 29. Rxb8 Qxb8 30. Nxc4 Ne4 31. Bxe4 fxe4 32. Ne5 Qb3 33. Qa2 Qd1+ 34. Kg2
Bb7 35. Rxd5 Kh8 36. Rd8 Qf3+ 37. Nxf3 exf3+ 38. Kg1 Rxd8 39. Qf7 Bd5 40. Qc7
Ra8 41. e4 Bxe4 42. d5 Bxc3 43. Qxc3+ Kg8 44. d6 Kf7 45. Qc4+ Kf6 46. Qd4+ 1-0

[Event "XLV C.to Italiano a squadre Master"]
[Site "Bratto - Castione della Presolana ITA"]
[Date "2013.04.28"]
[Round "3"]
[White "Jones, Gawain C.B."]
[Black "David, Alberto"]
[WhiteElo "2654"]
[BlackElo "2583"]
[Result "0-1"]
[PlyCount "110"]
[EventDate "2013.04.27"]

1. e4 c5 2. d3 Nc6 3. f4 g6 4. Nf3 Bg7 5. Be2 Nf6 6. O-O d6 7. Qe1 e6 8. a4 O-O
9. Kh1 b6 10. Na3 a6 11. e5 Ne8 12. c3 Bb7 13. d4 cxd4 14. cxd4 Rc8 15. Bd2 Ne7
16. Ng5 Nf5 17. Bf3 Bxf3 18. Nxf3 Nc7 19. g4 Ne7 20. Qe2 dxe5 21. dxe5 a5 22.
b4 axb4 23. Bxb4 Ncd5 24. Bd2 Nc3 25. Bxc3 Rxc3 26. Nb5 Rc5 27. Nd6 Qa8 28. Kg1
Ra5 29. Ng5 Rxa4 30. Rxa4 Qxa4 31. Qf2 Nd5 32. Nge4 f6 33. exf6 Bxf6 34. Kh1
Be5 35. Qe2 Nxf4 36. Qc4 Qxc4 37. Nxc4 Bd4 38. Rd1 e5 39. g5 Ra8 40. Nf6+ Kf7
41. Nxh7 Ke6 42. Nf6 Kf5 43. Nd7 Ra2 44. Ncxb6 Nh3 45. Rf1+ Kxg5 46. Nc4 Kh4
47. Rb1 e4 48. Nf8 Nf2+ 49. Kg2 Ng4+ 50. Nb2 Bxb2 51. Nxg6+ Kg5 52. Kg3 Ra3+
53. Kg2 Bd4 54. Rb4 Ne3+ 55. Kg1 Nc2+ 0-1

[Event "XLV C.to Italiano a squadre Master"]
[Site "Bratto - Castione della Presolana ITA"]
[Date "2013.04.28"]
[Round "3"]
[White "Palac, Mladen"]
[Black "Georgiev, Kiril D."]
[WhiteElo "2565"]
[BlackElo "2657"]
[Result "1/2-1/2"]
[PlyCount "25"]
[EventDate "2013.04.27"]

1. e4 e5 2. Nf3 Nc6 3. Bb5 Nf6 4. d3 d6 5. O-O g6 6. d4 Bd7 7. d5 Ne7 8. Bxd7+
Nxd7 9. c4 Bg7 10. Nc3 O-O 11. Be3 h6 12. Ne1 f5 13. f3 1/2-1/2

[Event "XLV C.to Italiano a squadre Master"]
[Site "Bratto - Castione della Presolana ITA"]
[Date "2013.04.28"]
[Round "3"]
[White "Qendro, Llambi"]
[Black "Mogranzini, Roberto"]
[WhiteElo "2325"]
[BlackElo "2509"]
[Result "0-1"]
[PlyCount "124"]
[EventDate "2013.04.27"]

1. d4 Nf6 2. c4 g6 3. Nc3 Bg7 4. e4 d6 5. f3 O-O 6. Bg5 Nc6 7. Nge2 a6 8. Qd2
Na5 9. Nc1 c5 10. dxc5 dxc5 11. Qxd8 Rxd8 12. Nb3 Nxb3 13. axb3 b6 14. Be2 Kf8
15. Rd1 Rxd1+ 16. Kxd1 Bb7 17. Kc2 Nd7 18. Rd1 Bd4 19. Be3 e5 20. Bh6+ Ke7 21.
Nd5+ Bxd5 22. cxd5 a5 23. Bb5 f6 24. f4 exf4 25. Bxf4 Ne5 26. h3 h5 27. Rf1 Rc8
28. Bh2 Nf7 29. Ba6 Ra8 30. Bb7 Ra7 31. Bc6 Be5 32. Bxe5 Nxe5 33. Bb5 Rb7 34.
Kc3 Rb8 35. Rd1 Kd6 36. Rf1 Rf8 37. Be2 Ke7 38. Rd1 Rd8 39. Rf1 Nf7 40. Bd3 h4
41. Rf4 g5 42. Rf1 Ne5 43. Be2 Rf8 44. Rd1 Kd6 45. Rf1 Ke7 46. Rd1 Nf7 47. Bh5
Ne5 48. Be2 Rd8 49. Rf1 Rb8 50. Bb5 Nf7 51. Re1 Rf8 52. Bd3 Ne5 53. Bb5 Rg8 54.
Be2 Rb8 55. Bb5 Ng6 56. Rd1 Kd6 57. Rd2 Nf4 58. Kc4 Rb7 59. Kc3 Re7 60. Bd3 b5
61. Bxb5 Rxe4 62. Bc4 Ke5 0-1

[Event "XLV C.to Italiano a squadre Master"]
[Site "Bratto - Castione della Presolana ITA"]
[Date "2013.04.28"]
[Round "3"]
[White "Vocaturo, Daniele"]
[Black "Mazzilli, Piero"]
[WhiteElo "2511"]
[BlackElo "2365"]
[Result "1-0"]
[PlyCount "33"]
[EventDate "2013.04.27"]

1. e4 e6 2. d4 d5 3. Nc3 Nc6 4. e5 f6 5. Bb5 Bd7 6. Nf3 Bb4 7. O-O Nge7 8. exf6
gxf6 9. Nh4 O-O 10. Bh6 Rf7 11. Be2 Ng6 12. Bh5 Nce7 13. Qd3 Nxh4 14. Bxf7+
Kxf7 15. Qxh7+ Ke8 16. Qh8+ Kf7 17. Qg7+ 1-0

[Event "XLV C.to Italiano a squadre Master"]
[Site "Bratto - Castione della Presolana ITA"]
[Date "2013.04.29"]
[Round "4"]
[White "Arlandi, Ennio"]
[Black "Bentivegna, Francesco"]
[WhiteElo "2440"]
[BlackElo "2293"]
[Result "1/2-1/2"]
[PlyCount "43"]
[EventDate "2013.04.27"]

1. d4 e6 2. c4 b6 3. e4 Bb7 4. Bd3 f5 5. exf5 Bb4+ 6. Kf1 Nf6 7. c5 bxc5 8. a3
c4 9. Bxc4 Ba5 10. fxe6 dxe6 11. Ne2 O-O 12. Nbc3 Nc6 13. Be3 Bxc3 14. Bxe6+
Kh8 15. Nxc3 Qd6 16. d5 Ne7 17. f3 c6 18. Kf2 cxd5 19. Bh3 Nc6 20. Nb5 Qe5 21.
Bd4 Ne4+ 22. Kg1 1/2-1/2

[Event "XLV C.to Italiano a squadre Master"]
[Site "Bratto - Castione della Presolana ITA"]
[Date "2013.04.29"]
[Round "4"]
[White "Boscolo, Federico"]
[Black "Lostuzzi, Manlio"]
[WhiteElo "2310"]
[BlackElo "2416"]
[Result "1/2-1/2"]
[PlyCount "24"]
[EventDate "2013.04.27"]

1. e4 e5 2. Nf3 Nc6 3. Bc4 Nf6 4. Ng5 d5 5. exd5 Nd4 6. c3 b5 7. Bf1 Nxd5 8.
cxd4 Qxg5 9. Bxb5+ Kd8 10. Qf3 Bb7 11. O-O exd4 12. d3 Qg6 1/2-1/2

[Event "XLV C.to Italiano a squadre Master"]
[Site "Bratto - Castione della Presolana ITA"]
[Date "2013.04.29"]
[Round "4"]
[White "Bove, Alessandro"]
[Black "Sbarra, Marco"]
[WhiteElo "2358"]
[BlackElo "2263"]
[Result "1/2-1/2"]
[PlyCount "27"]
[EventDate "2013.04.27"]

1. c4 e6 2. Nc3 d5 3. d4 Bb4 4. Nf3 Nf6 5. e3 O-O 6. a3 Bxc3+ 7. bxc3 c5 8. Bd3
Qc7 9. Qc2 Nc6 10. O-O dxc4 11. Bxc4 e5 12. Nxe5 Nxe5 13. dxe5 Qxe5 14. Bd3
1/2-1/2

[Event "XLV C.to Italiano a squadre Master"]
[Site "Bratto - Castione della Presolana ITA"]
[Date "2013.04.29"]
[Round "4"]
[White "Caprio, Guido"]
[Black "Ortega, Lexy"]
[WhiteElo "2413"]
[BlackElo "2491"]
[Result "1/2-1/2"]
[PlyCount "20"]
[EventDate "2013.04.27"]

1. e4 e5 2. Nf3 Nc6 3. Bb5 Bc5 4. O-O Nd4 5. Nxd4 Bxd4 6. c3 Bb6 7. d4 c6 8.
Ba4 d6 9. Na3 Nf6 10. Re1 h6 1/2-1/2

[Event "XLV C.to Italiano a squadre Master"]
[Site "Bratto - Castione della Presolana ITA"]
[Date "2013.04.29"]
[Round "4"]
[White "Cheparinov, Ivan"]
[Black "Jones, Gawain C.B."]
[WhiteElo "2702"]
[BlackElo "2654"]
[Result "0-1"]
[PlyCount "58"]
[EventDate "2013.04.27"]

1. Nf3 c5 2. b3 d6 3. e3 e5 4. Bb5+ Nc6 5. O-O Nf6 6. Bb2 Be7 7. d3 O-O 8. Nbd2
Na5 9. c4 a6 10. Ba4 Rb8 11. b4 cxb4 12. Bc2 b5 13. cxb5 axb5 14. d4 Nc4 15.
Qb1 Bb7 16. dxe5 dxe5 17. Nxc4 bxc4 18. Bxe5 Ra8 19. Rd1 Qa5 20. Bd4 Qh5 21. e4
Rfd8 22. h3 Bc5 23. Bxf6 gxf6 24. Rxd8+ Rxd8 25. Qf1 Rc8 26. Rd1 f5 27. Re1 c3
28. Qe2 fxe4 29. Bxe4 Qg6 0-1

[Event "XLV C.to Italiano a squadre Master"]
[Site "Bratto - Castione della Presolana ITA"]
[Date "2013.04.29"]
[Round "4"]
[White "Codenotti, Marco"]
[Black "Mazzilli, Piero"]
[WhiteElo "2385"]
[BlackElo "2365"]
[Result "1-0"]
[PlyCount "58"]
[EventDate "2013.04.27"]

1. e4 d5 2. exd5 Qxd5 3. Nc3 Qa5 4. Bc4 Nf6 5. d3 c6 6. Nge2 Nbd7 7. Ng3 b5 8.
Bb3 Nc5 9. Be3 e6 10. O-O Qc7 11. Nh5 Nxb3 12. Nxf6+ gxf6 13. axb3 Be7 14. Re1
Bb7 15. Qh5 a6 16. Ne4 c5 17. Bxc5 Bxe4 18. Bxe7 Bg6 19. Qc5 Qxc5 20. Bxc5 Kd7
21. f4 Rhc8 22. b4 a5 23. Kf2 Kc6 24. Bd4 Kd5 25. Bxf6 Rxc2+ 26. Re2 Bxd3 27.
Rxc2 Bxc2 28. Ke3 a4 29. Rc1 Bb3 1-0

[Event "XLV C.to Italiano a squadre Master"]
[Site "Bratto - Castione della Presolana ITA"]
[Date "2013.04.29"]
[Round "4"]
[White "Costantini, Roberto"]
[Black "Ferro, Mario"]
[WhiteElo "2278"]
[BlackElo "2258"]
[Result "1-0"]
[PlyCount "111"]
[EventDate "2013.04.27"]

1. e4 Nf6 2. e5 Nd5 3. d4 d6 4. Nf3 dxe5 5. Nxe5 c6 6. Nd2 g6 7. Ndf3 Bg7 8.
Bc4 O-O 9. O-O Nd7 10. Re1 Nxe5 11. Nxe5 Be6 12. Bb3 Nc7 13. c3 Rc8 14. Bg5
Bxb3 15. Qxb3 Nb5 16. Nd3 Re8 17. Re3 h6 18. Bf4 b6 19. Rh3 g5 20. Be5 e6 21.
Bxg7 Kxg7 22. Qd1 Nd6 23. Qh5 Rh8 24. Re1 c5 25. dxc5 bxc5 26. Ne5 Qe8 27. Rd3
f6 28. Qd1 Rd8 29. Rxd6 fxe5 30. Rxe5 Qe7 31. Rxd8 Rxd8 32. Qe2 Qd6 33. h4 Kf6
34. Re4 Qd1+ 35. Kh2 Qxe2 36. Rxe2 Kf5 37. b3 Rd3 38. c4 e5 39. hxg5 hxg5 40.
f3 a5 41. Kg1 a4 42. bxa4 Rc3 43. a5 Rxc4 44. Re4 Rc1+ 45. Kh2 Rc2 46. Ra4 Rd2
47. a6 Rd8 48. a7 Ra8 49. Kg3 Ke6 50. Kf2 Kd5 51. Ke3 Kc6 52. Kd3 Kb5 53. Ra3
Kb4 54. Rb3+ Ka5 55. Kc4 Ka4 56. Rb7 1-0

[Event "XLV C.to Italiano a squadre Master"]
[Site "Bratto - Castione della Presolana ITA"]
[Date "2013.04.29"]
[Round "4"]
[White "Erdos, Viktor"]
[Black "Marin, Mihail"]
[WhiteElo "2634"]
[BlackElo "2552"]
[Result "1-0"]
[PlyCount "21"]
[EventDate "2013.04.27"]

1. d4 e6 2. Nf3 Nf6 3. c4 Bb4+ 4. Nbd2 O-O 5. a3 Be7 6. e4 d6 7. Qc2 Nfd7 8. b4
a5 9. b5 e5 10. Bb2 exd4 11. Nxd4 1-0

[Event "XLV C.to Italiano a squadre Master"]
[Site "Bratto - Castione della Presolana ITA"]
[Date "2013.04.29"]
[Round "4"]
[White "Iotti, Pierluigi"]
[Black "Marinelli, Tullio"]
[WhiteElo "2303"]
[BlackElo "2373"]
[Result "1-0"]
[PlyCount "22"]
[EventDate "2013.04.27"]

1. d4 Nf6 2. Nf3 e6 3. c4 b6 4. g3 Bb7 5. Bg2 Be7 6. O-O O-O 7. b3 d5 8. Ne5
Nbd7 9. Nd2 c5 10. e3 Rc8 11. Bb2 Ba6 1-0

[Event "XLV C.to Italiano a squadre Master"]
[Site "Bratto - Castione della Presolana ITA"]
[Date "2013.04.29"]
[Round "4"]
[White "Lenic, Luka"]
[Black "Horvath, Csaba"]
[WhiteElo "2617"]
[BlackElo "2515"]
[Result "1-0"]
[PlyCount "27"]
[EventDate "2013.04.27"]

1. c4 e6 2. d4 d5 3. Nc3 c6 4. Nf3 Nf6 5. Bg5 h6 6. Bxf6 Qxf6 7. e3 Nd7 8. Bd3
g6 9. O-O Bg7 10. e4 dxc4 11. Bxc4 O-O 12. e5 Qe7 13. Re1 Rd8 14. Qe2 1-0

[Event "XLV C.to Italiano a squadre Master"]
[Site "Bratto - Castione della Presolana ITA"]
[Date "2013.04.29"]
[Round "4"]
[White "Mogranzini, Roberto"]
[Black "Dvirnyy, Danyyil"]
[WhiteElo "2509"]
[BlackElo "2538"]
[Result "1/2-1/2"]
[PlyCount "54"]
[EventDate "2013.04.27"]

1. Nf3 g6 2. c4 Bg7 3. g3 c5 4. Nc3 Nc6 5. Bg2 Nf6 6. O-O O-O 7. d4 cxd4 8.
Nxd4 Qa5 9. Nb3 Qh5 10. e4 Qxd1 11. Rxd1 d6 12. c5 dxc5 13. Nxc5 Rb8 14. h3 b6
15. Nd3 e5 16. Be3 Bb7 17. Rac1 Rfd8 18. b4 Ne8 19. Nd5 Rd7 20. h4 Rbd8 21. Bh3
f5 22. b5 Nd4 23. Bxd4 exd4 24. N5b4 fxe4 25. Bxd7 Rxd7 26. Nf4 d3 27. Nc6 Nd6
1/2-1/2

[Event "XLV C.to Italiano a squadre Master"]
[Site "Bratto - Castione della Presolana ITA"]
[Date "2013.04.29"]
[Round "4"]
[White "Palac, Mladen"]
[Black "Rusev, Krasimir"]
[WhiteElo "2565"]
[BlackElo "2532"]
[Result "1/2-1/2"]
[PlyCount "31"]
[EventDate "2013.04.27"]

1. d4 d5 2. c4 dxc4 3. Nf3 a6 4. e3 b5 5. a4 Bb7 6. b3 e6 7. bxc4 bxc4 8. Bxc4
Nf6 9. Nbd2 Nbd7 10. Rb1 Ra7 11. O-O Be7 12. Bb2 O-O 13. Bd3 c5 14. Qe2 Nd5 15.
Rfc1 Nb4 16. Be4 1/2-1/2

[Event "XLV C.to Italiano a squadre Master"]
[Site "Bratto - Castione della Presolana ITA"]
[Date "2013.04.29"]
[Round "4"]
[White "Ramondino, Renzo"]
[Black "De Filomeno, Simone"]
[WhiteElo "2209"]
[BlackElo "2336"]
[Result "0-1"]
[PlyCount "68"]
[EventDate "2013.04.27"]

1. e4 c5 2. Nf3 d6 3. c3 Nf6 4. Be2 Nbd7 5. d3 b6 6. O-O e6 7. Nbd2 Bb7 8. Re1
Be7 9. Bf1 O-O 10. a3 Rc8 11. b4 Rc7 12. d4 Qa8 13. Bd3 Ne8 14. Bb2 g6 15. Qe2
e5 16. Rad1 Bf6 17. d5 Bg7 18. b5 Ndf6 19. c4 a5 20. h3 Qd8 21. g3 Bc8 22. Kh2
Nh5 23. Bb1 Bh6 24. Qf1 f6 25. Nh4 Rcf7 26. Ndf3 Neg7 27. g4 Nf4 28. Qg1 Bg5
29. Qg3 Nd3 30. Nxg5 fxg5 31. Nf5 gxf5 32. Bxd3 fxg4 33. Re2 Rf3 34. Qg1 Rxh3+
0-1

[Event "XLV C.to Italiano a squadre Master"]
[Site "Bratto - Castione della Presolana ITA"]
[Date "2013.04.29"]
[Round "4"]
[White "Vocaturo, Daniele"]
[Black "D'Amore, Carlo"]
[WhiteElo "2511"]
[BlackElo "2488"]
[Result "1-0"]
[PlyCount "109"]
[EventDate "2013.04.27"]

1. e4 e5 2. Nf3 Nc6 3. Bb5 Nf6 4. O-O Nxe4 5. Re1 Nd6 6. Nxe5 Nxe5 7. Rxe5+ Be7
8. Bf1 O-O 9. d4 Bf6 10. Re1 Nf5 11. d5 Re8 12. Nd2 Rxe1 13. Qxe1 Bg5 14. Nf3
Bxc1 15. Rxc1 d6 16. Qe4 Bd7 17. Bd3 Qf6 18. Re1 h6 19. g4 Re8 20. Qxe8+ Bxe8
21. Rxe8+ Kh7 22. c3 g6 23. gxf5 Kg7 24. Kf1 c6 25. Ke2 gxf5 26. Nd4 Qg5 27.
Nxf5+ Kf6 28. dxc6 bxc6 29. Nxd6 Qg4+ 30. Ke1 Qf4 31. Ne4+ Kg7 32. Ke2 Qg4+ 33.
Ke3 Qd1 34. Ng3 Qe1+ 35. Ne2 Qh1 36. Re4 Qxh2 37. Ng3 Qh3 38. Bc4 Kg6 39. Rf4
f6 40. Bd3+ Kf7 41. Bc4+ Kg6 42. Kf3 Qd7 43. Rd4 Qb7 44. Rg4+ Kh7 45. Nh5 c5+
46. Kg3 Qb8+ 47. f4 Qd6 48. Bd5 f5 49. Rg7+ Kh8 50. c4 a5 51. Kf3 Qb6 52. Rf7
Qxb2 53. Rf8+ Kh7 54. Bg8+ Kg6 55. Rf6+ 1-0

[Event "XLV C.to Italiano a squadre Master"]
[Site "Bratto - Castione della Presolana ITA"]
[Date "2013.04.30"]
[Round "5"]
[White "Arlandi, Ennio"]
[Black "Vocaturo, Daniele"]
[WhiteElo "2440"]
[BlackElo "2511"]
[Result "1/2-1/2"]
[PlyCount "46"]
[EventDate "2013.04.27"]

1. d4 Nf6 2. c4 e6 3. Nc3 Bb4 4. Qc2 O-O 5. a3 Bxc3+ 6. Qxc3 b5 7. cxb5 c6 8.
Bg5 cxb5 9. e3 Bb7 10. Nf3 h6 11. Bh4 Nc6 12. Bxf6 Qxf6 13. Bxb5 Rac8 14. Qd3
Rb8 15. O-O Nb4 16. axb4 Bxf3 17. gxf3 Qg5+ 18. Kh1 Rxb5 19. Rxa7 Rxb4 20. Rxd7
Qh5 21. Kg2 Qg5+ 22. Kh1 Qh5 23. Kg2 Qg5+ 1/2-1/2

[Event "XLV C.to Italiano a squadre Master"]
[Site "Bratto - Castione della Presolana ITA"]
[Date "2013.04.30"]
[Round "5"]
[White "Bentivegna, Francesco"]
[Black "Amato, Andrea"]
[WhiteElo "2293"]
[BlackElo "2264"]
[Result "0-1"]
[PlyCount "103"]
[EventDate "2013.04.27"]

1. e4 d6 2. Nc3 Nf6 3. f4 d5 4. e5 d4 5. Nce2 Nd5 6. Nxd4 Nxf4 7. Ndf3 c6 8. d4
Nd5 9. Bd3 Nb4 10. Be4 f5 11. Bd3 Nxd3+ 12. Qxd3 Na6 13. Ne2 e6 14. Bg5 Qd7 15.
O-O b6 16. Rfd1 Bb7 17. c4 h6 18. Bh4 g5 19. Bf2 Nc7 20. Nc3 Be7 21. Qe2 h5 22.
h4 gxh4 23. Bxh4 O-O-O 24. Bf6 Rhg8 25. Rd2 Rdf8 26. Rad1 h4 27. Nxh4 Bxf6 28.
exf6 Rxf6 29. Nf3 Qh7 30. Qe5 Rfg6 31. Qh2 Rh6 32. Qe5 Rhg6 33. Qh2 Qg7 34. Ne5
Rh6 35. Qf4 Rgh8 36. Nf3 Rg6 37. Ne5 Rg3 38. Nf3 Rg8 39. Ne1 Qe7 40. a3 Kb8 41.
Rd3 R3g4 42. Qf1 Ba6 43. R3d2 Nd5 44. Nxd5 cxd5 45. Nf3 Bxc4 46. Ne5 Qg5 47.
Qf3 Rg3 48. Qf2 Ba6 49. Nf3 Qh5 50. Ne1 Kb7 51. Rc1 Rh3 52. Qf4 0-1

[Event "XLV C.to Italiano a squadre Master"]
[Site "Bratto - Castione della Presolana ITA"]
[Date "2013.04.30"]
[Round "5"]
[White "D'Amore, Carlo"]
[Black "Scalcione, Michelangelo"]
[WhiteElo "2488"]
[BlackElo "2339"]
[Result "1/2-1/2"]
[PlyCount "107"]
[EventDate "2013.04.27"]

1. Nf3 d6 2. d4 Nf6 3. g3 g6 4. Bg2 Bg7 5. O-O O-O 6. b3 c5 7. Bb2 Ne4 8. Qc1
cxd4 9. Nxd4 f5 10. c4 Qb6 11. e3 Nc6 12. Nxc6 bxc6 13. Bxg7 Kxg7 14. Nd2 Nxd2
15. Qxd2 Qc7 16. e4 fxe4 17. Qd4+ e5 18. Qxe4 Bb7 19. Qe3 a5 20. Rad1 Rae8 21.
h4 Rf6 22. h5 gxh5 23. Qg5+ Rg6 24. Qxh5 e4 25. Rfe1 Re5 26. Qh4 d5 27. Qf4 Rf6
28. Qe3 Ref5 29. Rd2 h5 30. Rc1 Qe5 31. cxd5 cxd5 32. f4 exf3 33. Qxe5 Rxe5 34.
Rc7+ Kg6 35. Rxb7 fxg2 36. Kxg2 Rfe6 37. Kh3 Re2 38. Rxd5 Rxa2 39. Rbb5 h4 40.
Kxh4 a4 41. b4 Rb2 42. Rg5+ Kf6 43. Rbf5+ Ke7 44. Rg7+ Kd6 45. b5 a3 46. Ra7
Re4+ 47. Kg5 Rb3 48. Ra6+ Ke7 49. g4 Rbb4 50. Ra7+ Ke6 51. Rf6+ Kd5 52. Rf5+
Ke6 53. Ra6+ Ke7 54. Ra7+ 1/2-1/2

[Event "XLV C.to Italiano a squadre Master"]
[Site "Bratto - Castione della Presolana ITA"]
[Date "2013.04.30"]
[Round "5"]
[White "David, Alberto"]
[Black "Cheparinov, Ivan"]
[WhiteElo "2583"]
[BlackElo "2702"]
[Result "1/2-1/2"]
[PlyCount "45"]
[EventDate "2013.04.27"]

1. c4 Nf6 2. Nc3 e5 3. Nf3 Nc6 4. d3 Bb4 5. Bd2 O-O 6. e3 Re8 7. Be2 a5 8. O-O
d6 9. b3 h6 10. a3 Bc5 11. Bc1 Bg4 12. Bb2 Qd7 13. Rc1 e4 14. Ne1 Bxe2 15. Nxe2
exd3 16. Nxd3 Ne4 17. Nxc5 Nxc5 18. Qc2 Qe6 19. Nf4 Qe4 20. Qc3 Qe5 21. Qc2 Qe4
22. Qc3 Qe5 23. Qc2 1/2-1/2

[Event "XLV C.to Italiano a squadre Master"]
[Site "Bratto - Castione della Presolana ITA"]
[Date "2013.04.30"]
[Round "5"]
[White "De Filomeno, Simone"]
[Black "Saccone, Fabio"]
[WhiteElo "2336"]
[BlackElo "2318"]
[Result "1-0"]
[PlyCount "79"]
[EventDate "2013.04.27"]

1. e4 e5 2. Nf3 Nc6 3. Bb5 Nf6 4. O-O Nxe4 5. d4 Nd6 6. dxe5 Nxb5 7. a4 Nbd4 8.
Nxd4 Nxd4 9. Qxd4 d5 10. Nc3 c6 11. Qd3 g6 12. Be3 Be6 13. Rfe1 h5 14. Ne2 Be7
15. a5 Qd7 16. Nf4 c5 17. c3 Rd8 18. Rad1 a6 19. Qc2 Qc6 20. Rd2 h4 21. h3 g5
22. Nxe6 fxe6 23. Bxg5 Bxg5 24. Qg6+ Kd7 25. Qxg5 Kc8 26. f3 Rdf8 27. b4 cxb4
28. cxb4 Kb8 29. Rd4 Rhg8 30. Qe3 Qc2 31. Qe2 Qf5 32. Rxh4 Qxf3 33. Qxf3 Rxf3
34. Rh6 Rb3 35. Rxe6 Rxh3 36. Rd6 Rb3 37. e6 Re8 38. e7 Kc7 39. Rxd5 Kc6 40.
Rd8 1-0

[Event "XLV C.to Italiano a squadre Master"]
[Site "Bratto - Castione della Presolana ITA"]
[Date "2013.04.30"]
[Round "5"]
[White "Dvirnyy, Danyyil"]
[Black "Qendro, Llambi"]
[WhiteElo "2538"]
[BlackElo "2325"]
[Result "1-0"]
[PlyCount "77"]
[EventDate "2013.04.27"]

1. c4 g6 2. g3 Bg7 3. Bg2 e5 4. Nc3 Nc6 5. e4 d6 6. d3 Nge7 7. Nge2 O-O 8. O-O
Bd7 9. Nd5 Nxd5 10. cxd5 Nd4 11. Nxd4 exd4 12. Bf4 f5 13. exf5 Bxf5 14. Qb3 Qd7
15. Rac1 b6 16. Rfe1 Rae8 17. Bd2 Rxe1+ 18. Rxe1 Re8 19. Be4 h5 20. f3 Kh7 21.
Kg2 Bxe4 22. dxe4 c5 23. dxc6 Qxc6 24. Rc1 Qd7 25. Bf4 Rc8 26. Rxc8 Qxc8 27.
Bxd6 Qc1 28. Bf4 Qb1 29. e5 d3 30. e6 Qe1 31. Qd5 Qe2+ 32. Kh3 Qf1+ 33. Kh4 Qe2
34. h3 Bf6+ 35. Bg5 Bxg5+ 36. Kxg5 Qe3+ 37. Kf6 Kh6 38. f4 Qc5 39. Qxc5 1-0

[Event "XLV C.to Italiano a squadre Master"]
[Site "Bratto - Castione della Presolana ITA"]
[Date "2013.04.30"]
[Round "5"]
[White "Esposito, Luca"]
[Black "Tomba, Ivan"]
[WhiteElo "2285"]
[BlackElo "2254"]
[Result "1/2-1/2"]
[PlyCount "103"]
[EventDate "2013.04.27"]

1. d4 e6 2. Nf3 c5 3. c4 cxd4 4. Nxd4 Nf6 5. Nc3 Bb4 6. g3 Ne4 7. Qd3 Qa5 8.
Bd2 Nxd2 9. Qxd2 Bxc3 10. Qxc3 Qxc3+ 11. bxc3 Na6 12. Bg2 Nc5 13. O-O-O Ke7 14.
Rd2 Rb8 15. Nb5 a6 16. Nd6 b6 17. Rhd1 Rd8 18. e4 Bb7 19. f4 Bc6 20. e5 Bxg2
21. Rxg2 Ra8 22. Rb2 Na4 23. Rb3 Rdb8 24. Kc2 b5 25. cxb5 Nc5 26. Rb2 axb5 27.
Nxb5 Ra5 28. Nd4 Rba8 29. Nb3 Na4 30. Nxa5 Nxb2 31. Nc6+ dxc6 32. Kxb2 f6 33.
Rd6 fxe5 34. fxe5 Rb8+ 35. Kc2 Rb5 36. Rxc6 Rxe5 37. a4 Re2+ 38. Kb3 Kd7 39.
Rc4 Rxh2 40. a5 Rh1 41. a6 Ra1 42. Ra4 Rxa4 43. Kxa4 Kc6 44. Kb4 h5 45. Kc4 g5
46. Kd4 h4 47. gxh4 gxh4 48. Ke4 Kb6 49. Kf3 Kxa6 50. Kg4 Kb5 51. Kxh4 Kc4 52.
Kg5 1/2-1/2